[Event "AUT-ch"]
[Site "AUT"]
[Date "1981.??.??"]
[Round "3"]
[White "Roehrl, Karl"]
[Black "Wittmann, Walter"]
[Result "0-1"]
[WhiteElo "2320"]
[BlackElo "2380"]

1.d4 Nf6 2.Bg5 c5 3.dxc5 Na6 4.Qd4 e6 5.e3 Bxc5 6.Qa4 Qb6 7.Nd2 Qxb2 8.Rb1 Qa3
9.Qxa3 Bxa3 10.Bxa6 bxa6 11.Ngf3 a5 12.Nd4 Ba6 13.Nb5 Bxb5 14.Rxb5 Bb4 15.Bxf6 gxf6
16.Ke2 Ke7 17.c4 f5 18.Nf3 Rhc8 19.Rb7 Rxc4 20.Rxd7+ Kxd7 21.Ne5+ Ke7 22.Nxc4 Rc8
23.Kd3 e5 24.Nxe5 Rc3+ 25.Kd4 Rc2 26.Nd3 Rxa2 27.Rc1 Bd6 28.Rb1 a4 29.Rb7+ Kf8
30.Rxa7 a3 31.Kc3 Be7 32.Kb3 Rd2 33.Kc3 Rd1 34.Kc2 Rh1 35.g3 Rxh2 36.Ra8+ Kg7
37.Ra7 Bd6 38.Ra6 Bxg3 39.Rxa3 Bxf2 40.Nxf2 Rxf2+ 41.Kd1 h5 42.Ke1 Rb2 43.Ra4 Kg6
44.Kf1 f6 45.Ra5 h4 46.Rc5 h3 47.Kg1 Rg2+ 48.Kh1 Rg3 49.Kh2 Rxe3 50.Rc7 f4
51.Rc5 Rg3 52.Ra5 f5 53.Ra8 Re3 54.Rh8 Kg5 55.Rg8+ Kh4 56.Rh8+ Kg4 57.Rg8+ Kf3
58.Ra8 Kf2 59.Ra5 f3 60.Kxh3 f4 61.Kh2 Kf1 62.Ra1+ Re1 63.Ra2 f2 64.Ra4 Re7
65.Ra1+ Ke2 66.Ra2+ Kf3 67.Ra3+ Re3 68.Ra4 f1=R  0-1

[Event "Caorle op"]
[Site "Caorle"]
[Date "1981.??.??"]
[Round "2"]
[White "Kvist, A."]
[Black "Torrielli, Domenico"]
[Result "1-0"]
[WhiteElo "2200"]
[BlackElo "2010"]

1.d4 Nf6 2.Bg5 d5 3.Nd2 Nbd7 4.Ngf3 h6 5.Bf4 g5 6.Bg3 Bg7 7.e3 Ne4 8.Nxe4 dxe4
9.Nd2 Nf6 10.c3 Bf5 11.Qb3 Qc8 12.Be5 c6 13.a4 Rg8 14.Bc4 e6 15.Be2 Nd5 16.Nc4 Bxe5
17.dxe5 Qc7 18.Nd6+ Kf8 19.g4 Bg6 20.h4 f6 21.h5 Bf7 22.c4 Ne7 23.Qc3 f5
24.f3 exf3 25.Bxf3 Rd8 26.O-O-O Nc8 27.gxf5 Nxd6 28.exd6 Rxd6 29.Qf6 Qe7
30.Qxh6+ Ke8 31.Rxd6 Qxd6 32.Qf6 Qd3 33.Rd1 Qxe3+ 34.Kb1  1-0

[Event "Lone Pine op"]
[Site "Lone Pine"]
[Date "1981.??.??"]
[Round "?"]
[White "Gruenfeld, Yehuda"]
[Black "Burger, Karl"]
[Result "1/2-1/2"]
[WhiteElo "2500"]
[BlackElo "2405"]

1.d4 Nf6 2.Bg5 d5 3.Nd2 Nbd7 4.Ngf3 h6 5.Bh4 e6 6.e3 Be7 7.Bd3 c5 8.c3 b6
9.Bb5 a6 10.Bc6 Ra7 11.Ne5 O-O 12.f4 Nxe5 13.fxe5 Nh7 14.Bxe7 Qxe7 15.O-O Bd7
16.Bxd7 Qxd7 17.Nf3 Qe7 18.Qe2 Ng5 19.Nxg5 Qxg5 20.Rf4 cxd4 21.cxd4 Rc8 22.Raf1 h5
23.h4 Qg6 24.R1f2 b5 25.Kh2 Rac7 26.Qf3 b4 27.Qe2 a5 28.Qa6 Rc2 29.Rxf7 Qxf7
30.Rxf7 Kxf7 31.e4 dxe4 32.Qb7+ R8c7 33.Qxe4 Rxb2 34.Qf3+ Ke7 35.d5 exd5
36.Qxd5 Rcc2 37.Qd6+ Ke8 38.Qe6+ Kf8 39.Qd6+ Ke8  1/2-1/2

[Event "Sokolsky mem"]
[Site "Minsk"]
[Date "1981.??.??"]
[Round "1"]
[White "Shereshevski, Mikhail"]
[Black "Barkovsky, E."]
[Result "1-0"]
[WhiteElo "2420"]
[BlackElo "2200"]

1.d4 Nf6 2.Bg5 d5 3.Bxf6 exf6 4.e3 Bf5 5.Bd3 Bg6 6.Ne2 Bd6 7.O-O Nc6 8.Bb5 O-O
9.Bxc6 bxc6 10.Nbc3 Rb8 11.b3 Qc8 12.Nf4 Rd8 13.Na4 Qf5 14.Nxg6 hxg6 15.Qd3 Qh5
16.f4 Re8 17.Rf3 Re7 18.Rh3 Qg4 19.c4 dxc4 20.bxc4 Rb4 21.a3 Rxa4 22.Qb3 Rxe3
23.Qxe3 Rxc4 24.Rb1 Qe6 25.Qg3 g5 26.Qd3 g6 27.Re3 Qd5 28.Re8+ Kg7 29.Rbb8 gxf4
30.Rg8+ Kh6 31.Rh8+ Kg5 32.h4+ Kg4 33.Qh3+  1-0

[Event "Sokolsky mem"]
[Site "Minsk"]
[Date "1981.??.??"]
[Round "5"]
[White "Shereshevski, Mikhail"]
[Black "Kapengut, Albert Z"]
[Result "1-0"]
[WhiteElo "2420"]
[BlackElo "2455"]

1.d4 Nf6 2.Bg5 c5 3.Bxf6 gxf6 4.d5 Qb6 5.Qc1 Na6 6.e3 e6 7.c4 Bg7 8.Nc3 f5
9.Nge2 h5 10.h4 e5 11.Ng3 Qg6 12.d6 e4 13.Qd2 Be5 14.O-O-O Rh6 15.Nb5 Rb8
16.a3 b6 17.Ne2 Bb7 18.Nf4 Qg7 19.Rh3 Kf8 20.Rg3 Qh7 21.Rg5 Rd8 22.f3 Nb8
23.fxe4 a6 24.Nc3 f6 25.Rxf5 Bxe4 26.Rxe5 fxe5 27.Nh3 Bg6 28.Ng5 Qg7 29.Bd3 e4
30.Bxe4 Bxe4 31.Ncxe4 Qe5 32.Qf2+ Kg8 33.Qf7+ Kh8 34.Qe7 Nc6 35.Nf7+ Kg7
36.Nxe5+ Nxe7 37.dxe7 Re8 38.Nd6 Rxe7 39.Nf5+ Kf6 40.Nxe7 Kxe5 41.Rxd7 Rf6
42.Rd2 Ke4 43.Nd5 Rf1+ 44.Kc2  1-0

[Event "Sokolsky mem"]
[Site "Minsk"]
[Date "1981.??.??"]
[Round "5"]
[White "Kovalev, Andrei"]
[Black "Barkovsky, E."]
[Result "0-1"]
[WhiteElo "2200"]
[BlackElo "2200"]

1.d4 Nf6 2.Bg5 d5 3.Bxf6 gxf6 4.e3 Bf5 5.Ne2 e6 6.Ng3 Bg6 7.h4 h6 8.Nc3 c5
9.dxc5 Bxc5 10.Bd3 Nc6 11.Bxg6 fxg6 12.Nge2 Qd7 13.Nf4 Rg8 14.a3 O-O-O 15.Qd2 Qe7
16.Nce2 Kb8 17.c3 Ne5 18.Qc2 Qd6 19.Nd3 Nc4 20.Rh3 Bb6 21.Rd1 e5 22.Kf1 Qe6
23.Nb4 f5 24.b3 Na5 25.Rd2 Rd6 26.Qd1 Rgd8 27.Nc1 a6 28.Rg3 Ka7 29.Kg1 Qd7
30.Ncd3 Qe6 31.Nc1 Nc6 32.Nxc6+ Rxc6 33.Ne2 Qe7 34.c4 dxc4 35.bxc4 Rxd2 36.Qxd2 Qxa3
37.h5 g5 38.e4 Qa1+ 39.Kh2 f4 40.Rb3 Rxc4 41.Qd3 Qa4 42.Qb1 Qc6 43.f3 Qc5
44.Rb2 g4 45.fxg4 f3 46.Ng3 Rc1 47.Qd3 f2 48.Rb1 f1=Q 49.Nxf1 Rc3  0-1

[Event "Viking"]
[Site "Oslo"]
[Date "1981.??.??"]
[Round "5"]
[White "Orseth, Dag S"]
[Black "Rantanen, Yrjo A"]
[Result "1/2-1/2"]
[WhiteElo "2290"]
[BlackElo "2460"]

1.d4 Nf6 2.Bg5 c5 3.Bxf6 gxf6 4.d5 Qb6 5.Qc1 e6 6.c4 f5 7.Nc3 Bg7 8.e3 d6
9.Nh3 Nd7 10.Be2 Nf6 11.O-O Bd7 12.Rb1 a6 13.Nf4 Qc7 14.a3 O-O 15.dxe6 fxe6
16.Rd1 Rad8 17.b4 cxb4 18.axb4 Bc8 19.Qa3 Kh8 20.Rdc1 Rg8 21.b5 Bh6 22.g3 axb5
23.Nxb5 Qe7 24.c5 dxc5 25.Qxc5 Qxc5 26.Rxc5 Ne4 27.Rc2 e5 28.Nd3 Bg7 29.Na7 Be6
30.Rxb7 Bd5 31.Rbc7 Rb8 32.Nc6 Rb1+ 33.Rc1 Rxc1+ 34.Nxc1 Ra8 35.Ne7 Be6 36.Bf3 Ra1
37.Kg2 Bf6 38.g4 Rxc1  1/2-1/2

[Event "Reggio Emilia8182"]
[Site "Reggio Emilia"]
[Date "1981.??.??"]
[Round "8"]
[White "Rossi, Carlo"]
[Black "Passerotti, Pierluigi"]
[Result "0-1"]
[WhiteElo "2200"]
[BlackElo "2335"]

1.d4 Nf6 2.Bg5 d5 3.Bxf6 exf6 4.e3 Be6 5.Bd3 Nd7 6.Qf3 c6 7.Ne2 Bd6 8.Nd2 Qc7
9.c3 g6 10.h3 h5 11.Nf4 f5 12.Nxe6 fxe6 13.g4 hxg4 14.hxg4 O-O-O 15.gxf5 gxf5
16.O-O-O Nf6 17.Rdg1 Qf7 18.c4 Rxh1 19.Rxh1 Qg7 20.c5 Bc7 21.Kd1 Rg8 22.Ke2 Kb8
23.Qh3 f4 24.Nf3 fxe3 25.Rg1 Qf7 26.Rxg8+ Qxg8 27.fxe3 a6 28.Qh4 Qg2+ 29.Qf2 Qg7
30.Qh4 e5 31.Qg5 Qxg5 32.Nxg5 exd4 33.exd4 Bf4 34.Nf3 Bc1 35.b3 Nh5 36.Bf5 Ng3+
37.Kd1 Bf4 38.Bd3 Kc7 39.Kc2 Be3 40.Kc3 Nh5 41.Ne1 Nf4 42.Nc2 Bg1 43.Kd2 Ne6
44.Kc3 Bf2 45.Bf5 Nf4 46.Bg4 Ng2 47.Bf3 Nf4 48.Bg4 Kd8 49.Kd2 Bh4 50.Bf3 Bf6
51.Bg4 Bg5 52.Kc3 a5 53.b4 axb4+ 54.Kxb4 Kc7 55.Kc3 Ng6 56.Bf5 Ne7 57.Bd3 Ng8
58.Kb2 Nf6 59.a3 Bh4 60.a4 b6 61.cxb6+ Kxb6 62.Kc3 Bg3 63.Ne3 Ka5 64.Nf5 Be1+
65.Kb3 Bb4 66.Ba6 Ne4 67.Bb7 Nd2+ 68.Kc2 Kb6 69.Bc8 Nc4 70.Ng3 Be7 71.Ne2 Bf6
72.Bd7 Kc7 73.Bh3 Kd6 74.Kb3 Bd8 75.Kc3 Ba5+ 76.Kc2 Nb6 77.Kb3 Ke7 78.Bf5 Kf6
79.Bc2 Kg5 80.Kb2 Kg4 81.Kc1 Kf3 82.Kd1 Ke3 83.Bb3 Bb4 84.Bc2 Nc4 85.Bb3 Nd2
86.a5 Bxa5 87.Bc2 Nc4 88.Nc1  0-1

[Event "BUL-ch"]
[Site "Sofia"]
[Date "1981.??.??"]
[Round "10"]
[White "Ermenkov, Evgenij"]
[Black "Grigorov, Jordan N"]
[Result "1-0"]
[WhiteElo "2490"]
[BlackElo "2405"]

1.d4 Nf6 2.Bg5 c5 3.Bxf6 gxf6 4.d5 d6 5.g3 Bg7 6.e3 f5 7.c3 O-O 8.Bg2 e5
9.Ne2 Nd7 10.Nd2 Nf6 11.a4 Bd7 12.O-O Qe7 13.Nc4 Rac8 14.Qc2 Ne8 15.Bh3 e4
16.f3 b5 17.axb5 Bxb5 18.b3 Bxc4 19.bxc4 exf3 20.Rxf3 Qe4 21.Qxe4 fxe4 22.Rf2 Rc7
23.Ra6 Be5 24.Bf5 Re7 25.Bxe4 Nc7 26.Ra3 Bg7 27.Bf5 Rxe3 28.Bd7 a6 29.Rb3 Rd8
30.Bc6 Re7 31.Nf4 Be5 32.Nh5 Kf8 33.Kg2 Bh8 34.g4 Be5 35.g5 Kg8 36.h4 h6
37.Kh3 hxg5 38.hxg5 Kh7 39.Kg4 Kg6 40.Rb7 Bxc3 41.Ba4 Kh7 42.Rh2  1-0

[Event "Tuzla"]
[Site "Tuzla"]
[Date "1981.??.??"]
[Round "6"]
[White "Kovacevic, Vlatko"]
[Black "Popovic, Petar"]
[Result "1-0"]
[WhiteElo "2485"]
[BlackElo "2490"]

1.d4 Nf6 2.Bg5 c5 3.Bxf6 gxf6 4.d5 Qb6 5.Qc1 e6 6.c4 Bg7 7.Nc3 f5 8.Nh3 e5
9.e3 d6 10.Bd3 e4 11.Be2 Nd7 12.Nf4 Be5 13.O-O Nf6 14.f3 Bd7 15.fxe4 Nxe4
16.Nxe4 fxe4 17.Rb1 O-O 18.Qd1 Qd8 19.Bg4 f5 20.Bh3 Qg5 21.Qe2 Rf6 22.Rf2 Bxf4
23.Rxf4 Rb8 24.Rbf1 b5 25.b3 a5 26.Qe1 b4 27.Kh1 Rbf8 28.Qf2 Kg7 29.Qb2 Kg6
30.g3 R6f7 31.Bg2 Qf6 32.Qe2 Qe7 33.R1f2 Kg7 34.Qh5 h6 35.Bh3 Qg5 36.Qd1 Rf6
37.Qf1 Qg6 38.Qa1 Kh7 39.g4 R6f7 40.Qf1 Qf6 41.gxf5 a4 42.Qg2 Kh8 43.Qxe4 axb3
44.axb3 Ra8 45.Qc2 Re7 46.e4 Be8 47.Rf1 Ra3 48.Rg1 Bf7 49.Qf2 Rxb3 50.Qh4 Qxh4
51.Rxh4  1-0

[Event "Tuzla"]
[Site "Tuzla"]
[Date "1981.??.??"]
[Round "7"]
[White "Klaric, Zlatko"]
[Black "Kovacevic, Vlatko"]
[Result "0-1"]
[WhiteElo "2450"]
[BlackElo "2485"]

1.d4 d5 2.Bg5 Nf6 3.e3 Bf5 4.Bd3 Bxd3 5.cxd3 Nbd7 6.Nc3 c6 7.Nf3 e6 8.O-O Be7
9.a3 a5 10.Ne5 O-O 11.f4 c5 12.a4 Rc8 13.Nb5 cxd4 14.exd4 Ne8 15.Rc1 Rxc1
16.Qxc1 f6 17.Nxd7 Qxd7 18.Bh4 Nd6 19.Qc7 Qxc7 20.Nxc7 Kf7 21.Be1 b6 22.Bc3 Rc8
23.Nb5 Nxb5 24.axb5 Bd6 25.g3 a4 26.Kf2 a3 27.Ke2 a2 28.Kd2 Ra8 29.Ra1 h5
30.Kc2 h4 31.b4 Kg6 32.Kb3 Kf5 33.Rg1 h3 34.Ba1 Kg4 35.Re1 g5 36.fxg5 fxg5
37.Rf1 Rf8 38.Re1 Rf2 39.Rxe6 Bxg3 40.hxg3 h2 41.Rh6 Kxg3  0-1

[Event "Hoogovens-B"]
[Site "Wijk aan Zee"]
[Date "1981.??.??"]
[Round "7"]
[White "Bohm, Hans"]
[Black "Faase, Rob"]
[Result "0-1"]
[WhiteElo "2410"]
[BlackElo "2360"]

1.d4 Nf6 2.Bg5 d5 3.e3 Ne4 4.Bh4 g5 5.Bg3 h5 6.f3 h4 7.Be5 Nf6 8.c4 e6 9.Nc3 Nbd7
10.Qc2 c6 11.cxd5 Nxe5 12.dxe5 Nxd5 13.Nxd5 Qxd5 14.Qc3 Bg7 15.f4 gxf4 16.exf4 Qe4+
17.Be2 Bh6 18.Nf3 Bxf4 19.Rd1 h3 20.g3 Be3 21.Rf1 Bh6 22.Nd2 Qe3 23.Qc2 Bf8
24.Qe4 Qxe4 25.Nxe4 Be7 26.Bg4 b6 27.Nd6+ Bxd6 28.Rxd6 Bd7 29.Rxd7 Kxd7 30.Rxf7+ Ke8
31.Rc7 Rh6 32.Bf3 Kd8 33.Rg7 Rc8 34.Rxa7 Rg6 35.Rh7 Rg5 36.Rxh3 Rxe5+ 37.Kf2 Kd7
38.g4 Ra8 39.a3 Rb5 40.b4 Kd6 41.Be4 Rf8+ 42.Kg2 Rg5 43.Rd3+ Ke5 44.Bf3 c5
45.h4 Rg6 46.bxc5 bxc5 47.Re3+ Kd4 48.Re4+ Kd3 49.g5 c4 50.Rg4 Rgg8 51.Be4+ Ke3
52.Kg3 c3 53.h5 Rf1 54.Bh7 Rg1+ 55.Kh3 Rxg5  0-1

[Event "Amsterdam"]
[Site "Amsterdam"]
[Date "1982.??.??"]
[Round "3"]
[White "Van der Wiel, John TH"]
[Black "Gruenfeld, Yehuda"]
[Result "1-0"]
[WhiteElo "2520"]
[BlackElo "2480"]

1.d4 Nf6 2.Bg5 c5 3.d5 Ne4 4.Bf4 Qb6 5.Bc1 g6 6.f3 Nf6 7.e4 d6 8.Nc3 Bg7
9.Nge2 O-O 10.g4 e6 11.Nf4 Re8 12.h4 Na6 13.h5 Nc7 14.hxg6 hxg6 15.Kf2 a6
16.Kg2 Bd7 17.a4 e5 18.Nd3 c4 19.Nf2 Qc5 20.Qe1 Rec8 21.Be3 Qb4 22.Nfd1 Kf8
23.Be2 Nce8 24.Qf2 Ke7 25.Ra3  1-0

[Event "Beersheba+"]
[Site "Beersheba"]
[Date "1982.??.??"]
[Round "3"]
[White "Gruenfeld, Yehuda"]
[Black "Liberzon, Vladimir M"]
[Result "1-0"]
[WhiteElo "2505"]
[BlackElo "2465"]

1.d4 Nf6 2.Bg5 d5 3.Bxf6 exf6 4.e3 c6 5.Bd3 Bd6 6.Qf3 O-O 7.Ne2 Nd7 8.Nd2 Re8
9.O-O-O Nf8 10.g4 Be6 11.h4 Qd7 12.Rdg1 b6 13.Nf4 Bxf4 14.Qxf4 c5 15.c3 Re7
16.g5 f5 17.h5 Qc7 18.Qxc7 Rxc7 19.Nf3 g6 20.Kd2 a5 21.Nh4 c4 22.Bc2 b5 23.Ng2 b4
24.Nf4 Rb8 25.f3 Kg7 26.Rh2 Rb6 27.Rgh1 Rd6 28.a3 bxa3 29.bxa3 Rb7 30.Rb1 Rxb1
31.Bxb1 Bd7 32.h6+ Kg8 33.Kc1 Ba4 34.Bc2 Bb3 35.Bxb3 cxb3 36.a4 Ne6 37.Rb2 Nxg5
38.Rxb3 f6 39.Rb8+ Kf7 40.Rb7+ Ke8 41.Ra7 Nf7 42.Rxa5 Nxh6 43.Nxd5 g5 44.Ra8+ Kf7
45.Ra7+ Kg6 46.c4 Ng8 47.Ra8 Kf7 48.a5 h5 49.Kd2 h4 50.Ke2 g4 51.Kf2 g3+
52.Kg2  1-0

[Event "Caorle op"]
[Site "Caorle"]
[Date "1982.??.??"]
[Round "3"]
[White "Castagnetta, Gianluca"]
[Black "Kuhn, Hubert"]
[Result "1/2-1/2"]
[WhiteElo "1900"]
[BlackElo "2000"]

1.d4 Nf6 2.Bg5 g6 3.Bxf6 exf6 4.e4 Bg7 5.Bc4 O-O 6.Ne2 d6 7.O-O f5 8.exf5 Bxf5
9.Ng3 Bd7 10.c3 b5 11.Bb3 c5 12.dxc5 dxc5 13.Nd2 c4 14.Bc2 Nc6 15.Nde4 Ne5
16.Nc5 Bc6 17.Qxd8 Rfxd8 18.Rad1 a5 19.h3 Bf8 20.Nge4 Nd3 21.Nxd3 cxd3 22.Rxd3 Rxd3
23.Bxd3 Rd8 24.Bb1 f5 25.Ng5 Rd2 26.b3 Bd5 27.Nf3 Bxf3 28.gxf3 Bc5 29.Kg2 Kg7
30.f4 Kf6 31.h4 b4 32.cxb4 axb4 33.Kf3 Rb2 34.Kg3 Rd2 35.Kf3 Ke6 36.Re1+ Kd5
37.Rf1 Rd4 38.h5 Bd6 39.hxg6 hxg6 40.Rg1 Rxf4+ 41.Ke3 Ke5 42.Rxg6 Bc5+ 43.Kd3 Kd5
44.Rg8 Rf3+ 45.Ke2 Rxf2+ 46.Kd3 Rf3+ 47.Ke2 Rf2+ 48.Kd3 Rb2 49.Rd8+ Bd6 50.Bc2 Rxa2
51.Bd1 Rf2 52.Ke3 Rf1 53.Bf3+ Ke5 54.Re8+ Kf6 55.Rd8 Bc5+ 56.Kf4 Re1 57.Rd5  1/2-1/2

[Event "CSR-ch"]
[Site "Frenstat"]
[Date "1982.??.??"]
[Round "6"]
[White "Pribyl, Josef"]
[Black "Ftacnik, Lubomir"]
[Result "0-1"]
[WhiteElo "2425"]
[BlackElo "2560"]

1.d4 Nf6 2.Bg5 c5 3.d5 Ne4 4.Bc1 e6 5.c4 Qa5+ 6.Nd2 g6 7.Qc2 f5 8.f3 Nf6
9.e4 Bg7 10.a3 fxe4 11.fxe4 O-O 12.d6 Nc6 13.Nf3 Ng4 14.Qd3 Nge5 15.Nxe5 Nxe5
16.Qb3 Qa6 17.Be2 Qxd6 18.Nf3 b6 19.Be3 Bb7 20.Qc2 Ng4 21.Bd2 Nxh2 22.O-O-O Ng4
23.Rxh7 Kxh7 24.Ng5+ Kg8 25.Bxg4 Rf2 26.Bf3 Bc6 27.Kb1 Ba4 28.Qxa4 Rxd2  0-1

[Event "CSR-ch"]
[Site "Frenstat"]
[Date "1982.??.??"]
[Round "8"]
[White "Plachetka, Jan"]
[Black "Ftacnik, Lubomir"]
[Result "1/2-1/2"]
[WhiteElo "2435"]
[BlackElo "2560"]

1.d4 Nf6 2.Bg5 c5 3.Nc3 Qa5 4.Bxf6 gxf6 5.d5 f5 6.e3 Bg7 7.Qd2 d6 8.Nge2 Nd7
9.Nf4 Nb6 10.Bb5+ Kf8 11.Be2 Qb4 12.Nd3 Qa5 13.Nf4 Bd7 14.Rd1 Rb8 15.Nh5 Bxc3
16.bxc3 Rg8 17.Ng3 Na4 18.c4 Qxd2+ 19.Kxd2 e6 20.Rhg1 Ke7 21.f4 a6 22.Rb1 b5
23.cxb5 axb5 24.dxe6 fxe6 25.a3 d5 26.Nh5 Nb6 27.h3 Be8 28.g4 Nc4+ 29.Bxc4 dxc4
30.Ng3 fxg4 31.hxg4 Rxg4 32.Ne4 Rxg1 33.Rxg1 Bg6 34.Nxc5 Ra8 35.Rb1 Kd6 36.Rxb5 Kc6
37.a4 Rxa4 38.Nxa4 Kxb5 39.Nc3+ Kc5 40.Nd1 h5 41.Nf2 Kd5 42.c3 e5 43.Ke2 exf4
44.exf4 Bc2 45.Kf3 Ke6 46.Nh1 Bd1+ 47.Ke4 Kf6 48.Nf2 Ba4 49.Kf3 Kf5 50.Kg3 Bc2
51.Nh3 Ke4 52.Ng5+ Kd3 53.f5 Kxc3 54.f6 Bg6 55.f7 Bxf7 56.Nxf7 Kb4 57.Ne5  1/2-1/2

[Event "Luzern ol (Men)"]
[Site "Luzern"]
[Date "1982.??.??"]
[Round "5"]
[White "Kovacevic, Vlatko"]
[Black "Campora, Daniel H"]
[Result "0-1"]
[WhiteElo "2560"]
[BlackElo "2450"]

1.d4 d5 2.Bg5 Nf6 3.e3 g6 4.Bxf6 exf6 5.c4 dxc4 6.Bxc4 Nd7 7.Nc3 Nb6 8.Bb3 c6
9.Nge2 Bd6 10.h4 h5 11.Qd3 Qe7 12.a3 Bf5 13.e4 Bg4 14.Rc1 Rd8 15.Qc2 Kf8
16.f4 c5 17.dxc5 Bxc5 18.Nd5 Rxd5 19.Bxd5 Be3 20.Rd1 Kg7 21.Rf1 Rc8 22.Qb1 f5
23.g3 fxe4 24.Bxe4 Re8 25.Nc3 f5 26.Qd3 Bc5 27.b4 fxe4 28.Qb5 e3 29.Ne2 Rd8
30.Qxc5 Rxd1+ 31.Kxd1 Qd7+ 32.Kc1 Bxe2 33.Qc3+ Kh7 34.Re1 Nd5 35.Qd4 Bg4
36.Qxa7 Nxb4 37.Rxe3 Qd1+  0-1

[Event "Randers zt-A"]
[Site "Randers"]
[Date "1982.??.??"]
[Round "8"]
[White "Gruenfeld, Yehuda"]
[Black "Olafsson, Helgi"]
[Result "1/2-1/2"]
[WhiteElo "2505"]
[BlackElo "2430"]

1.d4 Nf6 2.Bg5 d5 3.Bxf6 exf6 4.e3 Be6 5.Bd3 Qd7 6.h3 Nc6 7.a3 h5 8.Ne2 Bd6
9.Nbc3 a6 10.Qd2 f5 11.h4 f6 12.g3 Bf7 13.Nf4 Be7 14.Be2 Bd8 15.Bf3 Ne7 16.Nce2 c6
17.O-O-O Nc8 18.Nd3 Nd6 19.Nef4 Bc7  1/2-1/2

[Event "BUL-ch (Women)"]
[Site "Sofia"]
[Date "1982.??.??"]
[Round "8"]
[White "Shikova, Vesmina W"]
[Black "Zlatanova, Emilia"]
[Result "1/2-1/2"]
[WhiteElo "2125"]
[BlackElo "2060"]

1.d4 Nf6 2.Bg5 g6 3.Nc3 d5 4.Bxf6 exf6 5.g3 c6 6.Bg2 Bg7 7.Nh3 Bxh3 8.Bxh3 f5
9.e3 Nd7 10.Qe2 Qe7  1/2-1/2

[Event "DEN-ch"]
[Site "Vejle"]
[Date "1982.??.??"]
[Round "7"]
[White "Fries Nielsen, Jens Ove"]
[Black "Brinck Claussen, Bjorn"]
[Result "1/2-1/2"]
[WhiteElo "2355"]
[BlackElo "2380"]

1.d4 Nf6 2.Bg5 c5 3.Bxf6 gxf6 4.d5 Qb6 5.Qc1 f5 6.e3 Bg7 7.c3 Qd6 8.Qd1 Na6
9.Nh3 Nc7 10.Nf4 Be5 11.Nh5 Qxd5 12.f4 Qxd1+ 13.Kxd1 Bf6 14.Na3 Rg8 15.Nxf6+ exf6
16.Ke1 Ke7 17.Kf2 d6 18.Nb5 Nxb5 19.Bxb5 Be6 20.Rhd1 a6 21.Be2 Bd7 22.Bf3 Bc6
23.Bd5 Rac8 24.Rd2 Bxd5 25.Rxd5 Ke6 26.Rad1 Rc6 27.Kf3 b5 28.g3 Rb8 29.h3 c4
30.g4 fxg4+ 31.hxg4 b4 32.Rh5 bxc3 33.bxc3 Rb2 34.Rxh7 Rc2 35.Rh6 Ke7 36.Rd4 d5
37.Rxd5 Rxc3 38.g5 Ra3 39.f5 c3 40.Re5+ Kd7 41.Rxf6 c2 42.Re7+ Kxe7 43.Rxc6 Rxa2
44.Kf4 Kd7 45.Rc3 Rb2 46.Ke4 a5 47.Kd3 Rb1 48.Rxc2 Rg1 49.Ke4 Rxg5 50.Ke5 Rg4
51.Kf6 Re4 52.Rc3 Ke8 53.Rc8+ Kd7 54.Ra8 a4 55.Kxf7 Re7+ 56.Kf6 Re4 57.Kf7 Kc6
58.f6 Kb5 59.Re8 Rxe8 60.Kxe8 a3 61.f7 a2 62.f8=Q a1=Q 63.Qf5+ Kc4 64.e4 Qa8+
65.Ke7 Qa7+ 66.Kf6 Qd4+ 67.e5 Qa1 68.Qe6+ Kd4 69.Qd6+ Ke4 70.Qc6+ Ke3 71.Qc5+ Ke4
72.Qc4+ Ke3 73.Kf5 Qa5 74.Qe4+ Kf2 75.Kg4 Qc7 76.Qf3+ Ke1 77.Qe3+ Kd1 78.e6 Qc8
79.Kf5 Qf8+ 80.Kg4 Qc8 81.Qd4+ Kc1 82.Kf5 Kb1 83.Qb6+ Ka2 84.Ke5 Qh8+ 85.Kd6 Qh2+
86.Kd7 Qh3 87.Qd4 Qf5 88.Qa4+ Kb1 89.Qc4 Ka1 90.Kc6 Qg6 91.Kb7 Qg7+ 92.Ka6 Qe7
93.Qa4+ Kb1 94.Qd7 Qa3+ 95.Kb6 Qb3+ 96.Qb5 Ka1 97.Qxb3  1/2-1/2

[Event "DDR-BUL"]
[Site "Zinnowitz"]
[Date "1982.??.??"]
[Round "4"]
[White "Inkiov, Ventzislav"]
[Black "Uhlmann, Wolfgang"]
[Result "1/2-1/2"]
[WhiteElo "2475"]
[BlackElo "2510"]

1.d4 Nf6 2.Bg5 c5 3.d5 Qb6 4.Bxf6 Qxf6 5.c3 e5 6.e4 g6 7.Nd2 d6 8.h4 h5 9.g3 Bh6
10.Bh3 Bxd2+ 11.Qxd2 Bxh3 12.Nxh3 Qf3 13.O-O Qxe4 14.f4 O-O 15.Ng5 Qf5 16.fxe5 Qxe5
17.Kg2 Nd7 18.Rae1 Qh8 19.Re7 Ne5 20.Ne4 Rfd8 21.Qg5 b6 22.Rf6 Re8 23.Rxe8+ Rxe8
24.Nxd6 Re7 25.Nf5 Re8 26.Nd6 Re7 27.Ne4 Ng4 28.Re6 fxe6 29.Qxe7 exd5 30.Qe6+ Kg7
31.Ng5 Qg8 32.Qe7+ Kh6 33.Nf7+ Kg7 34.Ne5+ Kh6 35.Nf7+  1/2-1/2

[Event "Albena"]
[Site "Albena"]
[Date "1983.??.??"]
[Round "?"]
[White "Ermenkov, Evgenij"]
[Black "Kruszynski, Wlodzimierz"]
[Result "1-0"]
[WhiteElo "2425"]
[BlackElo "2435"]

1.d4 Nf6 2.Bg5 c5 3.Bxf6 gxf6 4.d5 Qb6 5.Qc1 f5 6.g3 Bh6 7.e3 Bg7 8.c3 d6
9.Na3 Nd7 10.Nc4 Qc7 11.a4 Nf6 12.Qd1 O-O 13.Ne2 Bd7 14.Nf4 Rab8 15.Be2 b5
16.axb5 Bxb5 17.Ra2 Bd7 18.O-O Rb7 19.Qd3 Rfb8 20.Rd1 Bb5 21.Qc2 Bd7 22.h3 Kh8
23.f3 h5 24.Kf2 Bh6 25.Qd3 Rg8 26.Rh1 Kg7 27.e4 fxe4 28.fxe4 h4 29.Rg1 Kf8
30.Qe3 hxg3+ 31.Rxg3 Rxg3 32.Kxg3 Ng8 33.Qf3 Nf6 34.Nh5 Ng8 35.Ra1 e6 36.Rf1 Bc8
37.Nf4 Bxf4+ 38.Qxf4 e5 39.Qh4 Qe7 40.Bh5 Qxh4+ 41.Kxh4 Rd7 42.Bg4 Rd8 43.Bxc8  1-0

[Event "Politicen Cup"]
[Site "Copenhagen"]
[Date "1983.??.??"]
[Round "5"]
[White "Karlsson, Lars"]
[Black "Ost Hansen, Jacob"]
[Result "1-0"]
[WhiteElo "2505"]
[BlackElo "2415"]

1.d4 Nf6 2.Bg5 d5 3.Bxf6 gxf6 4.e3 e6 5.c4 c6 6.Nc3 dxc4 7.Bxc4 Nd7 8.Qh5 Nb6
9.Bb3 Bd7 10.Nge2 f5 11.h3 Rg8 12.Nf4 Nd5 13.Ncxd5 cxd5 14.Qxh7 Rg7 15.Qh5 Qa5+
16.Ke2 O-O-O 17.Rhc1+ Kb8 18.Kf1 Bd6 19.Qf3 Rh8 20.Bd1 f6 21.Be2 Rh4 22.g3 Rh6
23.b4 Qxb4 24.h4 Qa5 25.Nd3 Bc8 26.Rab1 Rc7 27.Rxc7 Qxc7 28.Nc5 Ka8 29.Rc1 Qd8
30.a4 Rh7 31.h5 Kb8 32.Qh1 Qf8 33.Qh4 Rc7 34.Kg2 Qh6 35.a5 Rg7 36.Rc3 Rc7
37.Qh1 Qf8 38.Qc1 Qe7 39.Qb2 Ka8 40.Qb5 e5 41.Bf3 a6 42.Qb6 Rc6 43.Qb3 e4
44.Bd1 Qf7 45.Nxa6 f4 46.exf4 Rxc3 47.Qxc3 Qd7 48.Nc5 Qh3+ 49.Kg1 Bxf4 50.Na4 Bg4
51.Nb6+ Kb8 52.Qc5 Bh6 53.Qd6+ Ka7 54.Qd8 Ka6 55.Nxd5 Ka7 56.Nb6 Ka6  1-0

[Event "Indonesia"]
[Site "Indonesia"]
[Date "1983.??.??"]
[Round "11"]
[White "Kovacevic, Vlatko"]
[Black "Gunawan, Ronny"]
[Result "1/2-1/2"]
[WhiteElo "2540"]
[BlackElo "2400"]

1.d4 Nf6 2.Bg5 d5 3.e3 e6 4.Nd2 c5 5.c3 Nc6 6.f4 h6 7.Bxf6 Qxf6 8.Ngf3 g5
9.g3 Bd7 10.Bb5 gxf4 11.exf4 h5 12.Nb3 h4 13.Kf2 b6 14.Qe2 c4 15.Nbd2 Bd6
16.b3 cxb3 17.axb3 Ke7 18.Qe3 a5 19.Bxc6 Bxc6 20.Ne5 Bb7 21.Ndf3 hxg3+ 22.hxg3 Qf5
23.Rae1 Rxh1 24.Rxh1 a4 25.bxa4 Rxa4 26.Qd2 Ba6 27.g4 Qe4 28.Re1 Qh7 29.f5 Bxe5
30.Rxe5 Ra1 31.Qg5+ Ke8 32.fxe6 Rf1+ 33.Kg3 Rxf3+ 34.Kxf3 Qh1+ 35.Kf2 Qf1+
36.Kg3 Qg1+ 37.Kf3 Qd1+ 38.Kg2 Qf1+ 39.Kg3  1/2-1/2

[Event "Novi Sad"]
[Site "Novi Sad"]
[Date "1983.??.??"]
[Round "?"]
[White "Rakic, Tomislav"]
[Black "Petrovic, Vojislav"]
[Result "1/2-1/2"]
[WhiteElo "2430"]
[BlackElo "2385"]

1.d4 Nf6 2.Bg5 c5 3.dxc5 Qa5+ 4.Qd2 Qxc5 5.Nc3 d6 6.e4 a6 7.Nf3 e6 8.O-O-O Nbd7
9.Bf4 e5 10.Bg5 Be7 11.Ne1 b5 12.Nd3 Qc7 13.Nb4 Bb7 14.Bd3 h6 15.Bxf6 Nxf6
16.Qe2 O-O 17.g4 Qc5 18.Nbd5 Nxd5 19.Nxd5 Bxd5 20.exd5 Bh4  1/2-1/2

[Event "Kamen Piskov mem 3"]
[Site "Ruse"]
[Date "1983.??.??"]
[Round "2"]
[White "Pantaleev, Dimitar"]
[Black "Cserna, Laszlo"]
[Result "1/2-1/2"]
[WhiteElo "2355"]
[BlackElo "2385"]

1.d4 Nf6 2.Bg5 c5 3.Bxf6 gxf6 4.c3 Qb6 5.Qc2 cxd4 6.cxd4 Nc6 7.e3 d5 8.Nc3 Bf5
9.Qd2 e6 10.Bb5 Rg8 11.Kf1 Bb4 12.Bd3 Bxd3+ 13.Qxd3 Bxc3 14.bxc3 Qa6 15.Qxa6 bxa6
16.Rb1 Na5 17.g3 Kd7 18.Ke2 Rab8 19.Nf3 Rb6 20.Nd2 Rgb8 21.Kd3 Rb2 22.Nb3 Rxa2
23.Nxa5 Rxb1 24.Rxb1 Rxa5 25.Rb7+ Ke8 26.e4 dxe4+ 27.Kxe4 Ra2 28.c4 Rxf2
29.d5 Rxh2 30.d6 Rd2 31.c5 Kd8 32.Rxf7 Rd5 33.Rxf6 Rxc5 34.Rxe6  1/2-1/2

[Event "NOR-ch"]
[Site "Trondheim"]
[Date "1983.??.??"]
[Round "8"]
[White "Orseth, Dag S"]
[Black "Moen, Ole Christian"]
[Result "1/2-1/2"]
[WhiteElo "2290"]
[BlackElo "2310"]

1.d4 Nf6 2.Bg5 g6 3.Bxf6 exf6 4.e3 Bh6 5.Bd3 O-O 6.Qf3 f5 7.Ne2 d5 8.h4 c6
9.Nd2 Nd7 10.h5 Kg7 11.hxg6 hxg6 12.Nf4 Nf6 13.O-O-O Rh8 14.Rh4 Bg5 15.Rxh8 Qxh8
16.g3 Ne4 17.Rh1 Qd8 18.Qe2 Qa5 19.a3 Bd7 20.Nb3 Qc7 21.Qf1 Rh8 22.Rxh8 Kxh8
23.Nd2 Be7 24.Nxe4 fxe4 25.Be2 b5 26.b4 a5 27.c3 Qc8 28.Kb2 Kg7 29.Qh1 Bg4
30.Bxg4 Qxg4 31.Kc2 Bd6 32.Qh3 Qf3 33.Qg2 Bxf4 34.Qxf3 exf3 35.exf4 axb4
36.axb4 g5 37.Kd2 gxf4 38.gxf4 Kg6 39.Ke3 Kh5 40.Kxf3 Kh4 41.f5 f6  1/2-1/2

[Event "Varna"]
[Site "Varna"]
[Date "1983.??.??"]
[Round "12"]
[White "Ermenkov, Evgenij"]
[Black "Groszpeter, Attila"]
[Result "0-1"]
[WhiteElo "2455"]
[BlackElo "2505"]

1.d4 Nf6 2.Bg5 d5 3.Bxf6 exf6 4.e3 c6 5.Bd3 Bd6 6.Nd2 f5 7.Ne2 Be6 8.c4 Nd7
9.Qb3 Rb8 10.cxd5 Bxd5 11.Bc4 Bxc4 12.Nxc4 Bc7 13.O-O-O O-O 14.Nc3 Qe7 15.d5 Be5
16.dxc6 bxc6 17.Qc2 Bf6 18.Ne2 Ne5 19.Nd4 Nxc4 20.Qxc4 c5 21.Nb3 Rb4 22.Qd5 Rfb8
23.Qxf5 g6 24.Qd7 Qe4 25.Qd3 Qxd3 26.Rxd3 c4 27.Rd6 cxb3 28.Rxf6 bxa2 29.Ra6 Rxb2  0-1